Construction Confederation (Record no. 119452)

MARC details
000 -LEADER
fixed length control field 00683cam a2200181 4500
001 - CONTROL NUMBER
control field WS105101
008 - FIXED-LENGTH DATA ELEMENTS--GENERAL INFORMATION
fixed length control field 000000n 000 0 eng u
035 ## - SYSTEM CONTROL NUMBER
System control number (Sirsi) u105101
110 ## - MAIN ENTRY--CORPORATE NAME
Corporate name or jurisdiction name as entry element Construction Confederation
9 (RLIN) 3647
245 ## - TITLE STATEMENT
Title Construction Confederation
520 ## - SUMMARY, ETC.
Summary, etc. Site for this organisation which represents the interests of over 5000 construction companies. Includes details of the Considerate Constructors Scheme.
650 0# - SUBJECT ADDED ENTRY--TOPICAL TERM
Topical term or geographic name entry element CONSIDERATE CONTRACTORS SCHEME
650 ## - SUBJECT ADDED ENTRY--TOPICAL TERM
Topical term or geographic name entry element BUILDING CONTRACTORS
650 ## - SUBJECT ADDED ENTRY--TOPICAL TERM
Topical term or geographic name entry element ORGANISATION
690 ## - LOCAL SUBJECT ADDED ENTRY--TOPICAL TERM (OCLC, RLIN)
Topical term or geographic name as entry element BUILT ENVIRONMENT
856 40 - ELECTRONIC LOCATION AND ACCESS
Uniform Resource Identifier <a href="https://www.thecc.org.uk/">https://www.thecc.org.uk/</a>
Public note View the website free of charge at www.thecc.org.uk/...
942 ## - ADDED ENTRY ELEMENTS (KOHA)
Suppress in OPAC 0
Holdings
Withdrawn status Lost status Source of classification or shelving scheme Damaged status Not for loan Home library Current library Shelving location Date acquired Total Checkouts Full call number Barcode Date last seen Copy number Price effective from Koha item type
    Dewey Decimal Classification     Virtual Virtual Online 30/03/2000   WEB SITE 105101-2001 06/08/2019 1 06/08/2019 Online material